[Event "Moscow-ch Superfinal"]
[Site "Moscow"]
[Date "2014.01.31"]
[Round "8"]
[White "Grischuk, Alexander"]
[Black "Potkin, Vladimir"]
[Result "1/2-1/2"]
[WhiteElo "2777"]
[BlackElo "2625"]
[PlyCount "138"]
[EventDate "2014.01.30"]
[EventType "tourn (rapid)"]
[EventRounds "9"]
[EventCountry "RUS"]
[EventCategory "15"]
[SourceTitle "CBM 158 Extra"]
[Source "ChessBase"]
[SourceDate "2014.02.28"]
[SourceVersion "1"]
[SourceVersionDate "2014.02.28"]
[SourceQuality "1"]

1. Nf3 d5 2. c4 c6 3. g3 Nf6 4. Bg2 Bf5 5. O-O e6 6. cxd5 exd5 7. d3 Be7 8. Qb3
Qb6 9. Qc2 O-O 10. Nc3 Nbd7 11. e4 Bg6 12. Be3 Qa6 13. Rfd1 Rfd8 14. h3 Nc5 15.
Nd4 Ne6 16. Nxe6 fxe6 17. Ne2 e5 18. f4 dxe4 19. dxe4 Nxe4 20. Bxe4 Bxe4 21.
Qxe4 Qxe2 22. Re1 Qh5 23. Qxe5 Qxe5 24. fxe5 Rd5 25. e6 a5 26. Rad1 Rad8 27.
Rxd5 Rxd5 28. Kg2 Kf8 29. a3 a4 30. Rb1 Rd3 31. Kf2 Bf6 32. Bc5+ Ke8 33. Re1
Rb3 34. e7 b6 35. Bd6 Rxb2+ 36. Kf3 Rd2 37. Re6 c5 38. Bf4 Rd3+ 39. Ke4 Rd4+
40. Ke3 b5 41. Rb6 b4 42. axb4 Rxb4 43. Rc6 Bxe7 44. Be5 g6 45. Bc3 Rb3 46. Kd3
Rb1 47. Ra6 Rg1 48. Be5 a3 49. Kc4 Kd7 50. Rxa3 Re1 51. Kd5 Rd1+ 52. Kc4 Ke6
53. Re3 Kf7 54. Rf3+ Ke6 55. Re3 h5 56. g4 h4 57. Bc3+ Kd7 58. Rf3 Bd6 59. Rf7+
Be7 60. Rg7 Rf1 61. Kd5 Rf3 62. Be5 g5 63. Ke4 Rf1 64. Bc3 Ke6 65. Bd2 Bf6 66.
Rc7 Rh1 67. Rxc5 Rxh3 68. Bxg5 Bxg5 69. Rxg5 Ra3 1/2-1/2

[Event "Moscow-ch Superfinal"]
[Site "Moscow"]
[Date "2014.01.31"]
[Round "9"]
[White "Gordievsky, Dmitry"]
[Black "Grischuk, Alexander"]
[Result "1-0"]
[WhiteElo "2451"]
[BlackElo "2777"]
[PlyCount "141"]
[EventDate "2014.01.30"]
[EventType "tourn (rapid)"]
[EventRounds "9"]
[EventCountry "RUS"]
[EventCategory "15"]
[SourceTitle "CBM 158 Extra"]
[Source "ChessBase"]
[SourceDate "2014.02.28"]
[SourceVersion "1"]
[SourceVersionDate "2014.02.28"]
[SourceQuality "1"]

1. Nf3 Nf6 2. g3 g6 3. Bg2 Bg7 4. O-O O-O 5. c4 d6 6. d4 Nc6 7. Nc3 a6 8. Qd3
Bf5 9. e4 Bg4 10. d5 Bxf3 11. Qxf3 Nd4 12. Qd3 Nd7 13. Be3 c5 14. dxc6 Nxc6 15.
Rab1 Qa5 16. Bd2 Rfc8 17. b3 Rab8 18. a4 Nc5 19. Qc2 Qd8 20. Be3 Ne6 21. Rfd1
Ned4 22. Qd3 Ne6 23. Bh3 Ne5 24. Qe2 Nxc4 25. bxc4 Bxc3 26. c5 Bf6 27. cxd6
exd6 28. Ba7 Ra8 29. Rxb7 Qe8 30. Rxd6 Rc1+ 31. Kg2 Nd8 32. Rbd7 Be5 33. Rd5
Nc6 34. Be3 Ra1 35. Rb7 Bg7 36. Qc2 Ne5 37. f4 Qc6 38. Qxc6 Nxc6 39. Bd7 Nd8
40. Rb6 Ra3 41. Kf3 Ne6 42. Bxe6 fxe6 43. Rxe6 Rc8 44. Rxa6 Rcc3 45. Rd8+ Bf8
46. Raa8 Rxe3+ 47. Kg4 Rxe4 48. Rxf8+ Kg7 49. Rg8+ Kh6 50. a5 Rea4 51. Kh4 Rxa5
52. Rxa5 Rxa5 53. g4 g5+ 54. Rxg5 Ra2 55. h3 Ra3 56. Rb5 Rf3 57. f5 Kg7 58. g5
Rf4+ 59. Kh5 Kg8 60. h4 Kf7 61. Rb7+ Kg8 62. Rb5 Kf7 63. g6+ hxg6+ 64. fxg6+
Kg8 65. Kg5 Ra4 66. h5 Ra8 67. h6 Kh8 68. Rf5 Rb8 69. Rf8+ Rxf8 70. g7+ Kg8 71.
Kg6 1-0

[Event "Moscow-ch Superfinal playoff"]
[Site "Moscow"]
[Date "2014.01.31"]
[Round "1"]
[White "Grischuk, Alexander"]
[Black "Najer, Evgeniy"]
[Result "1-0"]
[WhiteElo "2777"]
[BlackElo "2646"]
[PlyCount "79"]
[EventDate "2014.01.31"]
[EventType "match (blitz)"]
[EventRounds "1"]
[EventCountry "RUS"]
[SourceTitle "CBM 158 Extra"]
[Source "ChessBase"]
[SourceDate "2014.02.28"]
[SourceVersion "1"]
[SourceVersionDate "2014.02.28"]
[SourceQuality "1"]

1. e4 c5 2. Nf3 e6 3. d3 Nc6 4. g3 g6 5. Bg2 Bg7 6. O-O Nge7 7. Re1 e5 8. a3
O-O 9. b4 b6 10. c3 d6 11. Nbd2 Be6 12. Ng5 Bd7 13. Nc4 h6 14. Nf3 Be6 15. Bd2
b5 16. Ne3 a5 17. Rc1 Qd7 18. h4 axb4 19. axb4 Ra2 20. Re2 Rfa8 21. Be1 Rxe2
22. Qxe2 Ra2 23. Qd1 Kh7 24. h5 g5 25. Nd5 Ra7 26. Bd2 Bg4 27. Be3 Rb7 28. bxc5
dxc5 29. Bxc5 Kg8 30. Qb3 Be6 31. Nd2 Kh7 32. Ra1 Nc8 33. Nf1 Nd6 34. Nfe3 Ne8
35. Qc2 Nc7 36. d4 exd4 37. cxd4 Nxd4 38. Bxd4 Bxd4 39. Rd1 Nxd5 40. exd5+ 1-0

[Event "Norway Chess 2nd"]
[Site "Stavanger"]
[Date "2014.06.04"]
[Round "2"]
[White "Topalov, Veselin"]
[Black "Grischuk, Alexander"]
[Result "0-1"]
[WhiteElo "2772"]
[BlackElo "2792"]
[Annotator "Szabo,Kr"]
[PlyCount "72"]
[EventDate "2014.06.03"]
[EventType "tourn"]
[EventRounds "9"]
[EventCountry "NOR"]
[EventCategory "21"]
[SourceTitle "CBM 161"]
[Source "ChessBase"]
[SourceDate "2014.07.16"]
[SourceVersion "1"]
[SourceVersionDate "2014.07.16"]
[SourceQuality "1"]

1. Nf3 c5 2. e4 d6 3. d4 cxd4 4. Nxd4 Nf6 5. Nc3 a6 {Both players are big
experts in the Najdorf opening.} 6. Be3 Ng4 7. Bc1 ({White wants to avoid the} 
7. Bg5 {line. He simply repeats and then chooses another move in the starting
position of the Najdorf.}) 7... Nf6 8. h3 e5 9. Nb3 (9. Nde2 {is more common,
but Topalov wanted to transpose to the 6...e5 7.Nb3 Be6 8.h3 line.}) 9... Be6
10. Be3 {After a interesting move order, we are now in the B90 line with h3.}
Be7 11. f4 {This is the point of the move h3. Black can't play ...Ng4 and the
structure is changing.} exf4 12. Bxf4 Nc6 13. Qe2 Nd7 {A logical decision.
First Black would like to place a knight on the e5-square, and only then will
he castle.} ({Last year Grischuk had played this position with White:} 13...
O-O 14. O-O-O Ne8 15. Kb1 Bf6 16. Qe3 Rc8 17. g4 Be5 18. Bxe5 Nxe5 19. g5 b5
20. h4 Qc7 21. Nd4 $14 {with a comfortable middlegame for White,
Grischuk-Swiercz, Tromso 2013.}) 14. O-O-O Nce5 {More exact than 14...Nde5
because after ...Rc8 Black wants to threaten the typical exchange sacrifice ...
Rxc3.} 15. Nd5 (15. Kb1 {is more popular.}) 15... Bxd5 16. Rxd5 O-O 17. Kb1
$146 {A completely acceptable novelty by Topalov.} ({Before} 17. h4 {was tried,
} Rc8 18. g4 Qc7 19. g5 Nb6 20. Rd4 (20. Rd1 $5) 20... a5 $1 {/\ a4-a3} 21. Rh3
(21. Nxa5 Ra8 $36) 21... a4 22. Na1 (22. Rc3 $2 {does not work because of} axb3
$1 23. Rxc7 bxa2 $19 {and White can't avoid ...a1Q.}) 22... f6 $1 $132 {
with a double-edged battle in Shirov-Gelfand, Chalkidiki 1993.}) 17... Qc7 18.
Rd1 {A useful prophylactic move. White simply avoids falling prey to the move .
..Nb6 with tempo; moreover the rook was attackable in the centre.} Nb6 19. h4 {
White prepares Rh3.} ({In the event of} 19. g4 Nec4 20. g5 (20. Bc1 Bf6) 20...
Rac8 21. Bc1 Na4 $13 {with an unclear fight.}) 19... Nec4 20. Rh3 Bf6 21. c3 ({
The solid} 21. Bc1 {was also an option} Rfe8 22. h5 $1 (22. Nd4 $2 {does not
work because of} d5 $1 $15) 22... Rac8 (22... d5 23. h6 $1 Rxe4 24. Qf2 {
and White has some play for the pawn, but still this is a double-edged fight.})
23. h6 g6 $13) 21... Rfe8 {The most logical move.} 22. Nd4 Qc5 23. Nf5 $6 {
An inaccuracy, which allows Black's following reply.} (23. Qd3 {, stepping out
of the pin, was easier} d5 24. exd5 Nxd5 25. Bc1 Ne5 $13) ({Or} 23. Bg5 {
as suggested by Mr. Houdini,} Bxd4 (23... Bxg5 $2 24. hxg5 Qxg5 25. Nf5 $16) (
23... Be5 24. Nf5) 24. cxd4 Qc6 {with a very difficult middlegame.}) 23... d5
$1 {The strongest move. Now White has to face some dangerous threats.} 24. e5
$1 {The best reply, White wants to close the e-file for a while.} Bxe5 ({
Probably} 24... Nxe5 $1 {was more accurate} 25. Re1 (25. Bc1 $5 {is a typical
computer move; the Ne5 doesn't have a good move.} Nec4 26. Qh5 Re6 27. Rg3 g6 {
and Black looks nicely placed.}) 25... Qc6 {and Black is a healthy pawn up.})
25. Qg4 g6 26. h5 ({In the event of} 26. Nh6+ Kg7 ({or} 26... Kf8 27. Qf3 Re7 {
with a very complicated middlegame.})) 26... Qf2 $1 {Black's queen is very
powerful on f2.} 27. Nh6+ Kg7 28. Bc1 f5 {The only move, otherwise Rf3 would
have followed.} 29. Qf3 Qxf3 30. Rxf3 (30. gxf3 Re6 {and the Nh6 can't come
back.}) 30... Rad8 31. g4 {Of course White has to organise some help for the
Nh6.} d4 32. hxg6 $6 {A small inaccuracy.} (32. gxf5 {was correct} dxc3 33.
fxg6 $1 {Now we see the point of keeping the h-pawn. White is threatening to
play Rf7+ followed by Rxh7 and mate.} Nd2+ 34. Bxd2 Rxd2 35. Rxd2 cxd2 36. Nf5+
{followed by Kc2 with a nearly equal endgame.}) 32... hxg6 33. Rfd3 $2 {
The decisive mistake, but} (33. gxf5 {wasn't as good as one move earlier,
because} dxc3 34. Rxd8 Rxd8 35. bxc3 Rd1 $15 {and Black is slightly better.})
33... Nd5 $1 $19 {The best move, now Black simply threatens to play Bf4 and
the Nh6 is trapped.} 34. cxd4 Bf4 35. Bxf4 Nxf4 36. Rf3 Re1 $1 {A great
victory by Grischuk!} 0-1

[Event "Norway Chess 2nd"]
[Site "Stavanger"]
[Date "2014.06.05"]
[Round "3"]
[White "Grischuk, Alexander"]
[Black "Aronian, Levon"]
[Result "1-0"]
[WhiteElo "2792"]
[BlackElo "2815"]
[Annotator "Ftacnik,L"]
[PlyCount "79"]
[EventDate "2014.06.03"]
[EventType "tourn"]
[EventRounds "9"]
[EventCountry "NOR"]
[EventCategory "21"]
[SourceTitle "CBM 161"]
[Source "ChessBase"]
[SourceDate "2014.07.16"]
[SourceVersion "1"]
[SourceVersionDate "2014.07.16"]
[SourceQuality "1"]

1. c4 Nf6 2. Nc3 e6 3. e4 d5 4. e5 d4 5. exf6 dxc3 6. bxc3 Qxf6 7. d4 e5 8. Nf3
Nc6 {The history of this line is closely connected with the discussion around
the move 8..exd4. The knight development is positionally more sound and it has
gained attention in the last two years.} (8... exd4) 9. Bg5 (9. d5 Nb8 10. Bd3
Nd7 11. O-O h6 12. Re1 Bd6 13. Bc2 b6 14. Rb1 Kf8 15. Be3 g6 16. Nd2 Qd8 17. f4
Kg7 18. f5 Nf6 19. Rf1 $11 {1/2 (23) Naiditsch,A (2698)-Fedorchuk,S (2634)
Belfort 2012}) (9. Nxe5 Nxe5 10. Qe2 Be7 11. Qxe5 Qxe5+ 12. dxe5 Bf5 13. Be2
O-O-O 14. g4 Bc2 15. O-O Rhe8 16. Re1 Bc5 17. Bf1 f6 18. Bf4 fxe5 19. Bxe5 Rd2
20. Bg3 Rxe1 21. Rxe1 Bg6 $11 {1/2 (45) Socko,B (2636)-Lysyj,I (2633) Moscow
2012}) (9. dxe5 Nxe5 10. Qe2 Bd6 11. Bg5 Qe6 12. Nd4 Nd3+ 13. Kd2 Qxe2+ 14.
Kxe2 Nc5 15. f3 O-O 16. Kf2 Na4 17. Nb3 Be6 18. Rc1 Ba3 19. Rc2 Bf5 $15 {
0-1 (37) Kosten,A (2493)-So,W (2653) Belfort 2012}) (9. Be2 exd4 10. cxd4 Bb4+
11. Bd2 Bxd2+ 12. Qxd2 O-O 13. h3 Rd8 14. Rd1 Nxd4 15. Nxd4 c5 16. O-O Rxd4 17.
Qb2 Bd7 18. Rxd4 cxd4 19. Rd1 Bc6 20. Qxd4 Qxd4 21. Rxd4 $11 {1/2 (64)
Nikologorskiy,K (2400)-Shomoev,A (2571) St Petersburg 2012}) 9... Qg6 10. d5 {
Grischuk knows enough to accept the compromised position of the central pawn
structure. Black is falling behind in development with the hope of surviving
the worst and getting good prospects.} (10. dxe5 Bg4 11. Be3 Be7 12. h3 Bf5 13.
Nd4 Rd8 14. Be2 Nxe5 15. g4 Be4 16. f3 Bd3 17. O-O O-O 18. f4 Bxe2 19. Qxe2 Qd3
20. fxe5 Rxd4 21. Qxd3 Rxd3 22. Bd4 c5 $17 {1/2 (53) Reinderman,D (2543)
-Nyback,T (2634) Beijing 2008}) 10... Nb8 (10... Ne7 11. Qa4+ c6 12. Be3 f6 13.
Rd1 Qf7 14. Be2 g6 15. O-O Bg7 16. Bc5 Bd7 17. Bxe7 Qxe7 18. d6 Qd8 19. c5 O-O
20. Qb3+ Kh8 21. Qxb7 $16 {1-0 (38) Reinderman,D (2597)-Buscher,M (2334)
Germany 2012}) 11. h4 $5 {The advance of the h pawn is not so unusual in
various lines. White would like to support the bishop on g5 and pester the
black queen on the tricky square g6.} (11. Bd3 Bf5 12. Qa4+ Nd7 (12... c6) 13.
O-O Bd6 14. Bxf5 (14. Nh4 Qxg5 15. Nxf5 Kd8 16. Rab1 Nc5 17. Nxd6 cxd6 18. Qa5+
Kc8 19. Rb5 Qe7 20. Bf5+ Kb8 21. Rfb1 $11 {1-0 (26) Williams,S (2515)-Faisal,A
(2255) Al Ain 2012}) 14... Qxf5 15. c5 Bxc5 16. Nxe5 f6 17. g4 Qxe5 18. Rae1
O-O-O 19. Rxe5 Nxe5 20. Be3 Bxe3 21. fxe3 Kb8 {1-0 (36) Kortschnoj,V (2645)
-Ashley,M (2460) New York 1996}) (11. Qd2 Bd6 12. Bd3 Qh5 13. Be3 Na6 {1/2 (13)
Abasov,N (2465)-Sadorra,J (2551) Richardson 2013}) (11. Be3 Nd7 12. Qa4 c6 13.
Qa5 b6 14. Qa4 Bb7 15. Bd3 e4 16. Bc2 Bc5 17. Nd4 Ne5 18. Nxc6 Nxc6 19. Bxc5
bxc5 20. O-O O-O 21. dxc6 Bxc6 $15 {0-1 (32) Bu,X (2662)-Wei,Y (2530) China
2013}) 11... Nd7 (11... h6 12. Qe2 hxg5 13. Nxe5 Qh5 14. g4 Bxg4 15. Nxg4+ Kd8
16. Bg2 (16. Ne5 gxh4 17. Bh3 f6 18. Nf3 Bd6 19. Kf1 $11) 16... gxh4 17. d6 Nc6
18. O-O-O cxd6 19. Rd5 f5 20. Bf3 Qe8 $17 {0-1 (43) Steingrimsson,H (2556)
-Lysyj,I (2656) Plovdiv 2012}) 12. Bd3 (12. h5 Qd6 (12... Qe4+ 13. Be2 h6 14.
Be3 Be7 15. O-O O-O $11) 13. Nd2 Nc5 14. Nb3 Be7 15. Be3 b6 16. Nxc5 bxc5 17.
Rb1 O-O 18. h6 g6 19. Rb5 Qa6 20. Be2 Bd7 21. Rxc5 {1-0 (42) Najer,E (2640)
-Ovetchkin,R (2499) Sochi 2012/} Bxc5 22. Bxc5 Rfb8 $15) 12... e4 {Anybody
hoping to find out if the best players in the world are also humans should
look at this battle. Aronian becomes blind to the biggest danger and bravely
accepts the invitation to the first real conflict. In my humble opinion it has
to be more promising to avoid the premature battle and retreat with the queen
to d6.} (12... Qd6 13. O-O h6 14. Be3 (14. Bd2 Be7 15. Qe2 b6 16. h5 Bb7 17.
Rfe1 $14) 14... Be7 15. Re1 b6 16. c5 bxc5 17. Bb5 O-O 18. Bc6 Rb8 19. Nd2 f5
20. Bf4 Qg6 21. Nc4 Bd6 22. Bxd7 exf4 $11 {1/2 (44) Zaslavsky,M (2450)-Bulmaga,
I (2307) Plovdiv 2012}) 13. h5 Qf5 $2 {[%mdl 8192]} (13... Qa6 14. Bxe4 h6 15.
Be3 Qxc4 16. Bd4 (16. Qd4 Qxd4 17. Bxd4 Nf6 $11) 16... Be7 17. Nd2 Qa6 18. Qf3
$14) 14. Rh4 $1 {[%mdl 4] The game has finished before it could start in
earnest. Black's queen is terribly exposed, unfortunately the same goes for
the his vulnerable king on e8.} exd3 (14... Nc5 15. Bxe4 Qd7 (15... Nxe4 16.
Qe2 $18) 16. Qe2 $18) 15. Rf4 Nc5 16. Rxf5 Bxf5 17. Nd4 Bd7 {In all honesty
some players would be willing to give up with black pieces, but Aronian fights
on. We all know, that no game was ever won or drawn with the act of resigning.}
(17... h6 18. Be3 Bd7 19. Nb3 $18) 18. Kf1 (18. Nb3 Ne4 (18... Ba4 19. Qf3 Bxb3
20. Qe3+ Kd7 21. Qh3+ Ke8 22. axb3 $18) 19. Bf4 Bd6 20. Qxd3 O-O 21. Bxd6 Rfe8
22. Kf1 $18) 18... Bd6 19. Nb3 f6 (19... Ne4 20. Be3 O-O 21. Qxd3 $18) 20. Be3
{The absence of material is bad enough for the defender, but he also has to
finish the development of his pieces.} (20. Nxc5 Bxc5 21. Be3 Bxe3 22. fxe3
O-O-O 23. Qxd3 $18) 20... b6 21. Nxc5 bxc5 22. Qxd3 O-O 23. Qd2 $1 {Grischuk
might be somewhat undisciplined in his life, but what he does not lack is a
true chess gift. With unmistakable clarity White realised that the black
position will fall apart after the demise of the c5-pawn.} Be8 (23... h6 24.
Bf4 Rfe8 25. f3 $18) 24. h6 g5 (24... Bg6 25. f3 Rfe8 26. Bf4 $18) 25. Qb2 Bd7
26. Qa3 Rfe8 27. Bxc5 {In a hopeless position Black retains lot of freedom.
Nothing he will try can really demage his chances any more.} (27. Kg1 Bf8 28.
Bxc5 Bxh6 29. Qa6 Bg7 30. Bd4 $18) 27... Bh2 (27... Bxc5 28. Qxc5 Rac8 29. Qxa7
$18) 28. Re1 Bf5 29. Rxe8+ (29. Re3 Bf4 30. Rxe8+ Rxe8 31. Be3 $18) 29... Rxe8
30. Be3 {With mating ideas prevented, White could as well being challenging
Black to a timely resignation. In chess players are not supposed to talk, so
it is up to Aronian to decipher the message in time.} Kf7 (30... Bd3+ 31. Ke1
Be5 32. Kd2 Bf1 33. g3 $18) 31. Ke2 Be5 32. Kd2 (32. Qxa7 Re7 33. a4 c6 34. Qb6
$18) 32... Bg4 (32... Ra8 33. g3 a5 34. f4 gxf4 35. Bxf4 Bxf4+ 36. gxf4 a4 37.
Qc5 $18) 33. Qxa7 Kg6 (33... Re7 34. Qb7 Bd7 35. g3 $18) 34. a4 {The march of
White's a pawn could be called a simple winning method, it definitely is a
very efficient one.} Kxh6 35. a5 c6 36. dxc6 Rc8 37. f3 Bf5 (37... Be6 38. Qb7
Rd8+ 39. Kc1 Bc8 40. Qf7 $18) 38. g4 $1 Be6 (38... Bg6 39. Qd7 Rc7 40. a6 $18)
39. Qe7 {The disparity in coordination of pieces between players is becoming
simply too big to bear.} Bxc4 (39... Rxc6 $2 40. Qf8+ Kg6 41. Qe8+) 40. Bd4 (
40. Bd4 Bxd4 41. cxd4 Kg6 42. c7 $18) 1-0